Судова медицина (Запис № 458972)
[ простий вигляд ]
| 000 -Лідер | |
|---|---|
| fixed length control field | 00764nam a22002057c 4500 |
| 001 - Контрольний номер | |
| control field | 216216951 |
| 003 - Ідентифікатор контрольного номера | |
| control field | UA-OsUOA |
| 005 - Дата та час останнього входження (трансакції) | |
| control field | 20200423130042.0 |
| 007 - Фіксоване поле фізичного опису | |
| fixed length control field | cr aa aacaa |
| 008 - Елементи даних фіксованої довжини – загальна інформація | |
| fixed length control field | 200423b un ||||| ||j| 00| 0 ukr d |
| 040 ## - Джерело каталогізації | |
| Агенція оригінальної каталогізації | UA-OsUOA |
| Мова каталогізації | ukr |
| Агенція, яка здійснювала перезапис | UA-OsUOA |
| Агенція, яка здійснювала модифікацію | UA-OsUOA |
| 041 ## - Код мови | |
| Код мови тексту/ звукової доріжки чи окремого заголовка (П) | ukr |
| 080 ## - Індекс Універсальної десяткової класифікації | |
| Індекс Універсальної десяткової класифікації (УДК) (НП) | 340 |
| 090 ## - Локальний шифр розміщення | |
| Класифікаційний індекс УДК | 340.6 |
| 245 ## - Відомості про назву | |
| Назва (НП) | Судова медицина |
| Решта назви (НП) | електронний підручник |
| Дані про відповідальність (НП) | за загальною редакцією професора В. Д. Мішалова |
| 650 ## - Додаткове предметне введення – тематичний термін | |
| Джерело заголовка чи терміна | 340 Право загалом |
| 856 40 - Електронне місцезнаходження та доступ | |
| Уніфікований ідентифікатор ресурсу (П) | https://nmapo.edu.ua/s/np/k/sudovoi-medytsyny/pidruchnyky-ta-posibnyky/3535-elektronnij-pidruchnik-sudova-meditsina-za-zagalnoyu-redaktsieyu-profesora-v-d-mishalova |
| 942 ## - Додаткові елементи входу (Коха) | |
| Source of classification or shelving scheme | Universal Decimal Classification |
| Тип елемента Koha | ЕКнига |
| 955 ## - Код типу видання за змістом | |
| Код типу видання за змістом (НП) | Навчальні видання |
Немає доступних примірників.